000 00403nam a22001457a 4500
003 OSt
005 20241119114707.0
008 241119s2010 ag ||||| |||| 00| 0 spa d
020 _a9789500112833
040 _cbesoc
100 _aMorduchowicz, Roxana
_eAutor
245 _aLos Medios Para Chicos:
_bUna Historia Centenaria
_cRoxana Morduchowicz
260 _aBuenos Aires:
_bEstrada
_c2010
942 _2udc
_cOG
_n0
999 _c385
_d385